Dilemmas of Energy Transitions in the Global South (Record no. 92917)

MARC details
000 -LEADER
fixed length control field 02418nam a2200277Ii 4500
008 - FIXED-LENGTH DATA ELEMENTS--GENERAL INFORMATION
fixed length control field 221202s xx 000 0 und d
245 #0 - TITLE STATEMENT
Title Dilemmas of Energy Transitions in the Global South
246 ## - VARYING FORM OF TITLE
Title proper/short title Balancing Urgency and Justice
264 ## - PRODUCTION, PUBLICATION, DISTRIBUTION, MANUFACTURE, AND COPYRIGHT NOTICE
Name of producer, publisher, distributor, manufacturer Taylor & Francis
Date of production, publication, distribution, manufacture, or copyright notice 2021
300 ## - PHYSICAL DESCRIPTION
Extent 1 online resource (182 pages)
336 ## - CONTENT TYPE
Content type term text
Content type code txt
Source rdacontent
337 ## - MEDIA TYPE
Media type term computer
Media type code c
Source rdamedia
338 ## - CARRIER TYPE
Carrier type term online resource
Carrier type code cr
Source rdacarrier
490 ## - SERIES STATEMENT
Series statement Routledge Explorations in Energy Studies
520 ## - SUMMARY, ETC.
Summary, etc. This book explores how, in the wake of the Anthropocene, the growing call for urgent decarbonisation and accelerated energy transitions might have unintended consequences for energy poverty, justice and democracy, especially in the global South. Dilemmas of Energy Transitions in the Global South brings together theoretical and empirical contributions focused on rethinking energy transitions conceptually from and for the global South, and highlights issues of justice and inclusivity. It argues that while urgency is critical for energy transitions in a climate-changed world, we must be wary of conflating goals and processes, and enquire what urgency means for due process. Drawing from a range of authors with expertise spanning environmental justice, design theory, ethics of technology, conflict and gender, it examines case studies from countries including Bolivia, Sri Lanka, India, The Gambia and Lebanon in order to expand our understanding of what energy transitions are, and how just energy transitions can be done in different parts of the world. Overall, driven by a postcolonial and decolonial sensibility, this book brings to the fore new concepts and ideas to help balance the demands of justice and urgency, to flag relevant but often overlooked issues, and to provide new pathways forward. This volume will be of great interest to students and scholars of energy transitions, environmental justice, climate change and developing countries.
653 ## - INDEX TERM--UNCONTROLLED
Uncontrolled term Climate Crisis
653 ## - INDEX TERM--UNCONTROLLED
Uncontrolled term Climate Emergency
653 ## - INDEX TERM--UNCONTROLLED
Uncontrolled term Community Energy
653 ## - INDEX TERM--UNCONTROLLED
Uncontrolled term Energy Justice
653 ## - INDEX TERM--UNCONTROLLED
Uncontrolled term Energy Transitions
700 1# - ADDED ENTRY--PERSONAL NAME
Personal name Höffken, Johanna I.
700 1# - ADDED ENTRY--PERSONAL NAME
Personal name Kumar, Ankit
700 1# - ADDED ENTRY--PERSONAL NAME
Personal name Pols, Auke
856 ## - ELECTRONIC LOCATION AND ACCESS
Uniform Resource Identifier <a href="https://docs.google.com/spreadsheets/d/1yKIrdCPDAG_9c22mwoOIO2DOhtj65Wqa/edit?usp=sharing&ouid=106555315294820607512&rtpof=true&sd=true ">https://docs.google.com/spreadsheets/d/1yKIrdCPDAG_9c22mwoOIO2DOhtj65Wqa/edit?usp=sharing&ouid=106555315294820607512&rtpof=true&sd=true </a>
Link text List of Curated E-Books
942 ## - ADDED ENTRY ELEMENTS (KOHA)
Koha item type E-Book

No items available.

University of Rizal System
Email us at univlibservices@urs.edu.ph

Visit our Website www.urs.edu.ph/library